Premier League Playmaker of the Season Winners - Statistics

General Stats
  • This quiz has been taken 587 times
    245 since last reset
  • The average score is 17 of 26
Answer Stats
Player % Correct
Kevin De Bruyne
99%
Mohamed Salah
99%
Frank Lampard
93%
Harry Kane
92%
Steven Gerrard
92%
Eden Hazard
88%
Thierry Henry
87%
Mesut Özil
85%
Ollie Watkins
82%
Wayne Rooney
79%
Francesc Fàbregas
73%
David Silva
71%
Dennis Bergkamp
69%
David Beckham
68%
Didier Drogba
65%
Robert Pirès
65%
Éric Cantona
64%
Andy Cole
61%
Robin van Persie
56%
Juan Mata
54%
Nani
50%
Matt Le Tissier
47%
Steve McManaman
26%
Jimmy Floyd Hasselbaink
23%
Muzzy Izzet
16%
Nolberto Solano
15%
No matching quizzes found
Score Distribution
Percent of People with Each Score
Percentile by Number Answered
Your Score History
You have not taken this quiz since the last reset